01450cam a2200289 a 45000010009000000050017000090080041000260100017000670200025000840200025001090400018001340420008001520500019001600820018001792450083001972460030002802600044003103000036003544900024003905050472004146500027008867000034009139060045009479420023009929990019010159520126010341720705920221220103633.0120312s2013 enka b 001 0 eng  a 2012008846 a9780415782456 (hbk.) a9780203097571 (ebk.) aDLCcDLCdDLC apcc00aH97b.R68 201300a320.6,ARA22300aRoutledge handbook of public policy / cedited by Eduardo Araral ... [et al.].30aHandbook of public policy aLondon ;aNew York :bRoutledge,c2013. axviii, 528 p. :bill. ;c26 cm.0 aRoutledge handbooks aPart I: Introduction to the study of the public policy process (Page-1), Part II: Conceptualizing public policy-making (Page-57), Part III: Modelling the policy process (Page-113), Understanding the agenda-setting process (Page-165), Understanding the formulation process (Page-215), Understanding the decision-making process (Page-271), Understanding the implementation process (Page-329), Understanding the evaluation process (Page-385), Policy dynamics (Page-449). 0aPolicy sciences.954971 aAraral, Eduardo,cJr.9105292 a7bcbccorignewd1eecipf20gy-gencatlg 2ddccBKk320.6,ARA c592735d592735 00102ddc4070aMCSbMCScGENd2022-12-20l0o320.6,ARApMCS37594r2022-12-20w2022-12-20yBKzAlmirah No.49, Shelf No.4